Deception / (Record no. 1071)

MARC details
000 -LEADER
fixed length control field 00373nam a2200145 4500
003 - CONTROL NUMBER IDENTIFIER
control field IeDuTC
005 - DATE AND TIME OF LATEST TRANSACTION
control field 20181127163321.0
008 - FIXED-LENGTH DATA ELEMENTS--GENERAL INFORMATION
fixed length control field 010131s2001 enk 000 1 eng
020 ## - INTERNATIONAL STANDARD BOOK NUMBER
International Standard Book Number 0743415744
100 1# - MAIN ENTRY--PERSONAL NAME
Personal name McClure, Ken.
245 10 - TITLE STATEMENT
Title Deception /
Statement of responsibility, etc. Ken McClure.
260 ## - PUBLICATION, DISTRIBUTION, ETC.
Place of publication, distribution, etc. London :
Name of publisher, distributor, etc. Pocket Books,
Date of publication, distribution, etc. 2002.
300 ## - PHYSICAL DESCRIPTION
Extent 372 p.;
Dimensions 18 cm.
655 07 - INDEX TERM--GENRE/FORM
Genre/form data or focus term Suspense fiction.
Source of term gsafd.

No items available.

Royal Thimphu College || All Right Reserved